00458nam a2200145Ia 4500008004100000020001800041041000800059082001700067100005100084245008100135250000600216260003900222300001100261650004000272210716s2012 xx 000 0 und d a9788132108733 aeng a658.406 CAWT aCawsey, Tupper F;Deszca, Gene;Ingols, Cynthia. aOrganizational change: an action oriented toolkit.bAction oriented toolkit. a2 aNew DelhibSage Publicationsc2012 axv,492 aOrganizational Development & Change